Organismos internacionales: funcionamientos y actividades
Saved in:
| Main Author: | |
|---|---|
| Format: | Book |
| Language: | Spanish |
| Published: |
Santiago
Lexis Nexis Cono Sur
2002
|
| Subjects: | |
| Tags: |
Add Tag
No Tags, Be the first to tag this record!
|
MARC
| LEADER | 00000nam a2200000 a 4500 | ||
|---|---|---|---|
| 001 | UCM8991 | ||
| 003 | CL-VaPUC | ||
| 008 | 030411e20020000CL |||||||||||||||||spa|d | ||
| 020 | |a 9562383288 | ||
| 082 | 0 | 4 | |a 341.2 |b FIG |2 21 |
| 100 | 0 | |a Figueroa Pla, Uldaricio |e author |9 475346 | |
| 245 | 1 | 0 | |a Organismos internacionales: funcionamientos y actividades |
| 300 | |a 1077 p | ||
| 942 | |c BK | ||
| 945 | |d 20030411 00:00:00 |a rbrito | ||
| 260 | |a Santiago |b Lexis Nexis Cono Sur |c 2002 | ||
| 600 | 0 | 7 | |a NACIONES UNIDAS |2 CL-VaPUC |9 255446 |
| 600 | 0 | 7 | |a OEA |2 CL-VaPUC |9 382207 |
| 650 | 7 | |a ORGANIZACIONES INTERNACI0NALES |2 CL-VaPUC |9 475347 | |
| 650 | 0 | |a Política internacional |9 255813 | |
| 650 | 0 | |a Relaciones Internacionales |9 255740 | |
| 650 | 0 | |a Derecho internacional |9 255637 | |
| 583 | |a last modification |c 20030411 00:00:00 |k Rodrigo Vera | ||
| 999 | |c 303411 |d 303409 | ||
| 952 | |0 0 |1 0 |4 0 |6 341_200000000000000_FIG_2002 |7 0 |8 A |9 364695 |a BIBDER |b BIBDER |d 2019-11-21 |i 3847020 |o 341.2 FIG 2002 |p 3847020 |r 2023-01-25 |w 2019-11-21 |y BK |k DER | ||
| 952 | |0 0 |1 0 |4 0 |6 341_200000000000000_FIG_2002 |7 0 |8 A |9 364696 |a BIBDER |b BIBDER |d 2019-11-21 |i 424768K |o 341.2 FIG 2002 |p 424768K |r 2023-01-25 |w 2019-11-21 |y BK |k DER | ||